00610nam a2200217 450000100060000000300080000600500170001400800410003103500200007204000270009204100080011908200190012710000240014624500490017025000130021926000410023230000270027350400510030065000190035165000220037034339BD-RjUL20211209052137.0140515s1968 nyu b 001 0 eng d a(BD-RjUL) 34433 aDLCcDLCdBD-RjULbeng aeng00a301bBAS 19681 aBarnes, Herry Elmer10aSociety in transition /cBarnes, Herry Elmer a2nd. ed. aNew York :bGreenwood Press,c1968. axiii, 878 p. ;c24 cm. aIncludes bibliographical references and index. 0aSocial change. 0aDeviant behavior.